[Event "Belfort Masters 6th"]
[Site "Belfort"]
[Date "2003.12.21"]
[Round "7"]
[White "Hamdouchi, Hicham"]
[Black "Gurevich, Mikhail"]
[Result "0-1"]
[WhiteElo "2588"]
[BlackElo "2656"]
[Annotator "Gurevich,M"]
[PlyCount "62"]
[EventDate "2003.12.15"]
[EventType "tourn"]
[EventRounds "10"]
[EventCountry "FRA"]
[EventCategory "15"]
[SourceTitle "CBM 099"]
[Source "ChessBase"]
[SourceDate "2004.03.30"]
[SourceVersion "1"]
[SourceVersionDate "2004.03.30"]
[SourceQuality "1"]

1. e4 e6 2. d4 d5 3. Nc3 Nf6 4. e5 Nfd7 5. Nce2 c5 6. f4 Nc6 (6... cxd4 7. Nxd4
Nc6 8. Ngf3 Nc5 9. Be3 Bd7 10. c3 Be7 11. Nb3 b6 12. Be2 $5 {TN} Nxb3 13. axb3
Bc5 14. Qd2 a5 15. O-O O-O 16. Bd3 Qe7 17. Kh1 f6 $6 (17... g6 $14) 18. exf6
gxf6 (18... Rxf6 19. b4 Bxe3 20. Qxe3 $16) 19. Rae1 $36 {1/2-1/2 Bauer,
C-Gurevich,M/Belfort FRA 2003/The Week in Chess 476 (34)}) 7. c3 Qa5 8. Nf3 (8.
Kf2 Be7 9. Nf3 O-O 10. Be3 f6 11. Kg1 cxd4 12. cxd4 Qb6 13. Qd2 fxe5 14. fxe5
Rf7 15. h4 Nf8 16. Rh3 Bd7 17. Nc3 $14 {1-0 Kasimdzhanov,R-Gurevich,D/
Dordrecht 1998/EXT 2002 (46)}) 8... b5 9. Bd2 (9. a3 b4 10. cxb4 cxb4 11. a4
Ba6 12. b3 Be7 13. Be3 Rc8 14. Nc1 Bxf1 15. Rxf1 Qa6 16. Qe2 Qxe2+ 17. Kxe2 $13
{Bologan,V-Gurevich,M Ekaterinburg RUS-tch 2003 1/2-1/2 (43)}) 9... Qb6 10. f5
$5 {TN} Be7 $5 (10... cxd4 11. fxe6 fxe6 12. Nexd4 $36) (10... exf5 $5 11. Nf4
cxd4 12. Nxd5 Qb7 13. cxd4 (13. Qe2 $5) 13... Nxd4 14. Nxd4 Qxd5 15. Nxb5 Qxe5+
16. Qe2 Rb8 $13) 11. Nf4 O-O 12. Bd3 $5 (12. fxe6 $5 fxe6 13. Nxe6 Re8 (13...
Rxf3 14. Qxf3 Ncxe5 15. dxe5 Qxe6 16. O-O-O Nxe5 17. Qg3 Bd7 18. Re1 Bd6 19.
Bf4 Re8 $44) 14. Nf4 (14. Bxb5 Ndxe5 15. dxe5 Bxe6 $13) (14. Bd3 $5) 14... cxd4
$1 $13 15. Nxd5 $2 Ndxe5 $3 $40 16. Nxb6 $2 Bh4+ 17. Ke2 (17. Nxh4 Nd3#) 17...
Nc4+ 18. Ne5 Bg4+ $19) 12... cxd4 13. cxd4 Nxd4 14. f6 {[#]} Nxf6 $1 (14...
gxf6 15. Nxd4 Nxe5 (15... Qxd4 16. Qg4+ Kh8 17. Ng6+ fxg6 18. Qxd4 $18) 16. Be3
$40) 15. exf6 Bxf6 $44 16. Nxd4 $6 (16. Bc3 $1 Nxf3+ 17. Qxf3 Bxc3+ 18. bxc3
Bd7 19. Qf2 Qd6 (19... Qxf2+ 20. Kxf2 $16) 20. O-O $14) (16. Nh5 Nxf3+ 17. Qxf3
Bxb2 18. Rb1 Qd4 $15) 16... Bxd4 17. Qe2 (17. Qc2 $5 f5 18. Rc1 (18. O-O-O Bd7
19. Kb1 Rac8 20. Qb3 a5 $36) 18... Bd7 19. Qc7 Rfd8 20. Rc2 $13) 17... Bb7 $1
$36 {[/\e6-e5-e4]} 18. Bc3 Bxc3+ 19. bxc3 e5 20. Nh5 g6 21. Ng3 Rac8 $15 22.
Qd2 (22. Qf2 $5 Rxc3 23. Qxb6 axb6 24. Bxb5 d4 25. O-O Rfc8 26. Rae1 R8c5 $15)
22... b4 $1 23. cxb4 e4 24. Be2 d4 $19 25. Bg4 $138 (25. O-O d3+ 26. Kh1 dxe2
27. Qxe2 e3 $19) 25... e3 26. Qb2 Rc4 27. O-O Rxb4 28. Qa3 d3 29. Kh1 (29. Bf3
e2+ 30. Rf2 Rb1+ $19) 29... Rxg4 30. Qxd3 Ba6 31. Qd7 Rd4 0-1

[Event "FRA-ch Pool B"]
[Site "Vichy"]
[Date "2000.08.22"]
[Round "5"]
[White "Bauer, Christian"]
[Black "Apicella, Manuel"]
[Result "1-0"]
[WhiteElo "2562"]
[BlackElo "2506"]
[Annotator "Hecht,H"]
[PlyCount "101"]
[EventDate "2000.08.15"]
[EventType "tourn"]
[EventRounds "7"]
[EventCountry "FRA"]
[EventCategory "11"]
[SourceTitle "CBM 079"]
[Source "ChessBase"]
[SourceDate "2000.11.21"]
[SourceVersion "1"]
[SourceVersionDate "2000.11.21"]
[SourceQuality "1"]

1. e4 e6 2. d4 d5 3. Nd2 Nf6 4. e5 Nfd7 5. f4 c5 6. c3 Nc6 7. Ndf3 Qb6 8. a3
cxd4 9. cxd4 Na5 10. Ne2 Qb3 11. Nc3 Qxd1+ 12. Kxd1 a6 13. Kc2 b5 14. b3 Nb6
15. Bd2 Bd7 16. Kb2 Be7 17. Be2 O-O 18. Na2 Nc6 19. Rhc1 Rfb8 20. Nb4 Nd8 21.
Rc7 a5 22. Nd3 Bf8 23. Nc5 Be8 24. g4 a4 25. b4 Nc4+ 26. Kc3 Nc6 27. Be1 Rc8
28. Rxc8 Rxc8 29. Bf2 Bxc5 30. dxc5 f6 31. Bd4 fxe5 32. Nxe5 N6xe5 33. Bxe5 Bg6
34. h4 h6 35. h5 Bh7 36. g5 hxg5 37. Bxc4 dxc4 {[#] Freibauern mit taktischem
Ende} 38. Rg1 Rd8 39. c6 Rd3+ 40. Kb2 Rb3+ 41. Ka2 Be4 42. c7 Bb7 43. Rxg5 c3
44. Rxg7+ Kf8 45. h6 c2 46. Bd6+ Ke8 47. Re7+ ({Eine andere Lösung war} 47. h7
Rxa3+ (47... c1=N+ 48. Ka1 Rh3 49. Re7+ Kf8 50. Rd7+ Ke8 51. Rd8+ Kf7 52. h8=Q
$18) 48. Kb2 Rh3 49. Kxc2 $18) 47... Kf8 48. c8=Q+ $1 Bxc8 49. Rc7+ Ke8 50.
Rxc8+ Kd7 51. Rxc2 (51. Rxc2 Kxd6 52. Rh2 $18) 1-0

[Event "RUS-ch 54th"]
[Site "Elista"]
[Date "2001.05.08"]
[Round "8"]
[White "Jakovenko, Dmitrij"]
[Black "Volkov, Sergey"]
[Result "1/2-1/2"]
[WhiteElo "2521"]
[BlackElo "2558"]
[Annotator "Hecht,H"]
[PlyCount "154"]
[EventDate "2001.04.29"]
[EventType "swiss"]
[EventRounds "9"]
[EventCountry "RUS"]
[SourceTitle "CBM 083"]
[Source "ChessBase"]
[SourceDate "2001.07.05"]
[SourceVersion "1"]
[SourceVersionDate "2001.07.05"]
[SourceQuality "1"]

1. e4 e6 2. d4 d5 3. Nd2 Nf6 4. e5 Nfd7 5. f4 c5 6. c3 Nc6 7. Ndf3 Qb6 8. a3 c4
9. h4 h5 10. Ng5 Na5 11. Qc2 Qb3 12. Qf2 Nb6 13. Be2 Qb5 14. Bd1 f6 15. exf6
gxf6 16. Qc2 Ke7 17. N5h3 Nb3 18. Rb1 Qe8 19. Ne2 Bd7 20. Ng3 Ba4 21. Qf2 Nxc1
22. Rxc1 Bxd1 23. Rxd1 Kd7 24. O-O Kc6 25. Qf3 Bd6 26. Rfe1 Qg8 27. Nxh5 Qg6
28. Ng3 Rag8 29. Nf1 Rxh4 30. Rxe6 Qf5 31. Re3 Bxf4 32. Nxf4 Rxf4 33. Qh3 Qc2
34. Qe6+ Kb5 35. Qxg8 Qxd1 36. Qe8+ Ka5 37. Re1 Qc2 38. Qe2 Qxe2 39. Rxe2 {
[#] Besonderes Motiv: Beiderseitige Stellungsumgehung mit den Königen, Finale
mit je einem Freibauern.} Re4 (39... Ka4 $5 40. Nd2 $11 (40. Ng3 Kb3 41. Nh5
Re4 42. Rxe4 dxe4 43. Nxf6 e3 44. Kf1 Kxb2 $17)) 40. Rf2 (40. Rxe4 dxe4 41. Kf2
$13) 40... Re6 41. g4 Ka4 42. Nd2 Nc8 43. Kg2 Rb6 44. Nf1 Kb3 45. Ng3 Ne7 46.
Nh5 Ng8 (46... Ka2 $142 $1 47. b4+ Kxa3) 47. Nf4 Rd6 48. Kg3 {[%csl Rf6][%cal
Rg3h4,Rh4h5,Rh5g6]} a5 49. Kh4 b5 50. Kh5 Ne7 51. Re2 Nc6 52. Ne6 b4 53. axb4
axb4 54. cxb4 $6 (54. Nc5+ $1 Ka2 55. Kg6 $16) 54... Nxb4 55. Nc5+ Ka2 56. Kg6
Kb1 57. Na4 Nc2 58. Rf2 Nxd4 59. Rxf6 Rd8 60. Kf7 Ne2 61. Rf2 Ng3 62. g5 d4 63.
g6 Nh5 64. Nb6 c3 65. bxc3 dxc3 $11 66. Nc4 Rd7+ 67. Kf8 Ra7 68. Ne3 Ra6 69.
Kf7 Ra7+ 70. Kf8 Ng7 71. Rf1+ Ka2 72. Nd5 Ne6+ 73. Kg8 c2 74. Nb4+ Kb3 75. Nxc2
Kxc2 76. Rf6 Ng5 77. g7 Ra8+ 1/2-1/2

[Event "Oakham YM"]
[Site "Oakham"]
[Date "1992.??.??"]
[Round "2"]
[White "Cullip, Stephen"]
[Black "Ulybin, Mikhail"]
[Result "0-1"]
[WhiteElo "2320"]
[BlackElo "2585"]
[Annotator "Knaak,R"]
[PlyCount "69"]
[EventDate "1992.03.??"]
[EventType "swiss"]
[EventRounds "9"]
[EventCountry "ENG"]
[SourceTitle "CBM 030"]
[Source "ChessBase"]
[SourceDate "1992.10.01"]
[SourceVersion "1"]
[SourceVersionDate "1992.10.01"]
[SourceQuality "1"]

1. e4 e6 2. d4 d5 3. Nd2 Nf6 4. e5 Nfd7 5. c4 c5 6. cxd5 exd5 7. Ngf3 Nc6 8.
Bd3 Be7 {8...g6! Lputian} 9. O-O O-O {Siehe E11/5. Allerdings hat Weiß dort
den nützlichen Zug a3 extra.} 10. Re1 Re8 11. a3 a5 $10 12. Bb1 $6 (12. Qc2)
12... Qb6 13. Nf1 cxd4 14. Ng3 Nf8 15. Nf5 $6 (15. h3 $5) 15... Bxf5 16. Bxf5
Bc5 $17 17. Re2 a4 18. Bc2 Qa7 19. Bf4 b5 20. Qd3 b4 $1 21. Qb5 (21. axb4 Nxb4
22. Qd1 Nxc2 23. Rxc2 Ne6 $17) 21... Ne6 22. Bd2 b3 $1 23. Bf5 (23. Bxb3 axb3
24. Qxc6 d3 25. Ree1 Bxf2+ $19) 23... Qa6 $1 24. Bd3 Qxb5 25. Bxb5 Rec8 {
-+ _|_ קb2} 26. Rc1 h6 27. Ne1 d3 $1 28. Bxd3 Bd4 29. Bb5 Bxb2 $1 30. Rxc6 Nd4
31. Rxc8+ Rxc8 32. Ba6 Nxe2+ 33. Bxe2 Bxa3 34. Bd3 Bc1 35. Bxc1 0-1

[Event "Munich SKA"]
[Site "Munich"]
[Date "1991.05.16"]
[Round "11"]
[White "Beliavsky, Alexander G"]
[Black "Kindermann, Stefan"]
[Result "1/2-1/2"]
[WhiteElo "2640"]
[BlackElo "2515"]
[Annotator "Knaak,R"]
[PlyCount "106"]
[EventDate "1991.05.04"]
[EventType "tourn"]
[EventRounds "13"]
[EventCountry "GER"]
[EventCategory "14"]
[SourceTitle "CBM 023"]
[Source "ChessBase"]
[SourceDate "1991.08.01"]
[SourceVersion "1"]
[SourceVersionDate "1991.08.01"]
[SourceQuality "1"]

1. e4 e6 2. d4 d5 3. Nd2 Nf6 4. e5 Nfd7 5. f4 c5 6. c3 Nc6 7. Ndf3 Qb6 8. h4
cxd4 9. cxd4 Bb4+ 10. Kf2 f6 $1 11. Be3 $1 (11. Kg3 $6 {Ljubojevic-M.Gurevic/
Linares/1991/CBM 22}) 11... Be7 12. Qd2 $1 {In CBM 22 erwähnte ich 12.Rb1 a5
13.Ne2 0-0 14.Ng3 fe5 15.fe5 Nde5!} O-O 13. Rd1 a5 $1 (13... fxe5 14. fxe5
Ndxe5 15. dxe5 d4 16. Bf4 $1 (16. Bg5 Bb4 {/\ 17...Ne5~/=}) 16... Bb4 17. Qc1
$16) 14. Kg3 a4 15. Bd3 Qd8 16. Ne2 f5 $10 17. h5 Nb6 18. Kf2 Nb4 19. Bb1 Nc4
20. Qc3 Bd7 21. a3 Nc6 22. Rdg1 b5 23. g4 b4 24. axb4 a3 25. gxf5 exf5 26. Ba2
Be6 27. Ng5 Qd7 28. Nxe6 Qxe6 29. Bxc4 Bxb4 30. Qc2 dxc4 31. bxa3 Bxa3 32. Bd2
Rfd8 33. Bc3 Be7 34. Qd2 Qd5 35. Rh3 Ra3 36. Qc2 Qe6 37. Rh2 Rda8 38. Rb1 Rb3
39. Rd1 Qd5 40. Qxf5 Ra2 41. Qh3 Nb4 42. Kg1 Nd3 43. Qc8+ Bf8 44. e6 Ra8 45.
Qd7 Qxd7 46. exd7 Rb7 47. h6 Rxd7 48. hxg7 Rxg7+ 49. Rg2 Ra2 50. Rd2 Rxd2 51.
Bxd2 Kf7 52. Rxg7+ Bxg7 53. Kg2 Ke6 1/2-1/2

[Event "Gausdal Int"]
[Site "Gausdal"]
[Date "1991.??.??"]
[Round "5"]
[White "Kengis, Edvins"]
[Black "Djurhuus, Rune"]
[Result "0-1"]
[WhiteElo "2575"]
[BlackElo "2410"]
[Annotator "Knaak,R"]
[PlyCount "40"]
[EventDate "1991.08.??"]
[EventType "swiss"]
[EventRounds "9"]
[EventCountry "NOR"]
[SourceTitle "CBM 025"]
[Source "ChessBase"]
[SourceDate "1991.12.01"]
[SourceVersion "1"]
[SourceVersionDate "1991.12.01"]
[SourceQuality "1"]

1. e4 e6 2. d4 d5 3. Nd2 Nf6 4. e5 Nfd7 5. f4 c5 6. c3 Nc6 7. Ndf3 Qb6 8. Ne2
cxd4 9. cxd4 Be7 10. a3 O-O 11. Ng3 $6 f6 12. Bd3 fxe5 13. fxe5 (13. dxe5 Nc5 {
>= 13...Nde5!} 14. Bc2 a5 15. Be3 {Bologan-Danielian/Jurmala/1991/CBM24/VC})
13... Ndxe5 $1 14. dxe5 Nxe5 $17 15. Be2 Bd7 16. Nxe5 $6 Qf2+ 17. Kd2 Rac8 18.
Qb3 (18. Nxd7 Bg5+ 19. Kd3 Rf4 $3 20. Bxf4 Qxf4 {/\ 21...Qe3#} 21. Nf1 Qe4#) (
18. Rf1 Bg5+ 19. Kd3 Bb5+ $19) 18... Bg5+ 19. Kd3 (19. Kd1 Qd4+ 20. Ke1 (20.
Qd3 Ba4+ 21. Ke1 Qf2#) (20. Nd3 Ba4 $19) 20... Rxc1+ 21. Rxc1 Qd2#) 19... Rf4
$3 20. Nf3 Be8 0-1

[Event "Cheliabinsk"]
[Site "Cheliabinsk"]
[Date "1991.??.??"]
[Round "?"]
[White "Savon, Vladimir A"]
[Black "Gleizerov, Evgeny"]
[Result "0-1"]
[WhiteElo "2465"]
[BlackElo "2485"]
[Annotator "Knaak,R"]
[PlyCount "50"]
[EventDate "1991.??.??"]
[EventType "tourn"]
[EventRounds "11"]
[EventCountry "URS"]
[EventCategory "7"]
[SourceTitle "CBM 025"]
[Source "ChessBase"]
[SourceDate "1991.12.01"]
[SourceVersion "1"]
[SourceVersionDate "1991.12.01"]
[SourceQuality "1"]

1. e4 e6 2. d4 d5 3. Nd2 Nf6 4. e5 Nfd7 5. f4 c5 6. c3 Nc6 7. Ndf3 cxd4 8. cxd4
Qb6 9. g3 Be7 10. Bh3 O-O 11. Ne2 (11. Kf1 $5 f6 $1 12. Kg2 $1 fxe5 13. fxe5
Ndxe5 $1 {Ohne das Opfer: +/-} 14. dxe5 Nxe5 15. Qe2 $13 Nc4 16. b3 Bf6 17. Rb1
{Hawelko-Schoen/Naleczow/1988} e5 $1 $36) 11... f6 $1 (11... f5 $14) 12. Bxe6+
Kh8 13. Bxd5 $2 (13. exf6 Bb4+ 14. Kf1 $1 (14. Bd2 Nxf6 15. Bxc8 Bxd2+ 16. Qxd2
Ne4 17. Qd3 $6 (17. Qe3 $5) 17... Qa5+ $6 (17... Qxb2 $1 18. Rb1 Nb4 19. Qb3
Nc2+ 20. Kf1 Qxb3 21. Rxb3 Raxc8 $10) 18. Nc3 Raxc8 19. O-O $16 {
Hardicsay-Oertel/HUN/1981/i31/339}) 14... Nxf6 15. Bxc8 Raxc8 16. Kg2 $14 {
Hübner-Mohr/BL/1988}) 13... fxe5 14. fxe5 Ncxe5 $1 {Nicht neu, aber immer
wieder schön (für Schwarz).} 15. dxe5 (15. Nxe5 Nxe5 16. Bf4 Bg4 17. Bg2 Bb4+
18. Kf1 Nc4 19. Qd3 Rae8 20. Qxc4 Bxe2+ 21. Qxe2 Rxe2 22. Kxe2 Qxd4 $19 {
Boulard-Apicella/FRA-chT/1989}) 15... Nxe5 $17 16. Nf4 Bb4+ 17. Kf1 Rxf4 $1 18.
gxf4 Bh3+ 19. Ke2 Ng4 20. Nd4 Qc5 21. Be6 Rd8 22. Be3 Nxe3 23. Kxe3 Bxe6 24.
Rc1 Rxd4 $1 25. Qxd4 (25. Rxc5 Rxd1 26. Rxd1 Bxc5+ $19) 25... Bd2+ $1 0-1

[Event "URS-ch58"]
[Site "Moscow"]
[Date "1991.??.??"]
[Round "8"]
[White "Balashov, Yuri S"]
[Black "Budnikov, Alexandar"]
[Result "1/2-1/2"]
[WhiteElo "2590"]
[BlackElo "2525"]
[Annotator "Knaak,R"]
[PlyCount "67"]
[EventDate "1991.11.??"]
[EventType "swiss"]
[EventRounds "11"]
[EventCountry "URS"]
[SourceTitle "URS-ch"]
[Source "ChessBase"]
[SourceDate "1999.07.01"]
[SourceVersion "1"]
[SourceVersionDate "1999.07.01"]
[SourceQuality "1"]

1. e4 e6 2. d4 d5 3. Nd2 Nf6 4. e5 Nfd7 5. f4 c5 6. Ndf3 Nc6 7. Ne2 $5 b5 (7...
Qb6 8. g3 cxd4 9. Nexd4 Bc5 10. c3 Nxd4 11. cxd4 Bb4+ 12. Bd2 a5 13. Rc1 $14 {
Stoica-Kertesz/Romania ch/1985/i39/350}) (7... f6 $5) 8. Be3 b4 9. dxc5 Bxc5
10. Bxc5 Nxc5 11. Ned4 Nxd4 12. Qxd4 Qb6 13. a3 Rb8 $5 14. axb4 Qxb4+ 15. Qxb4
Rxb4 16. b3 Rxf4 (16... a6 $2 17. Ra5 $16) 17. Rxa7 O-O 18. Rc7 Nd7 (18... Na6
$5 19. Bxa6 (19. Rxc8 Rxc8 20. Bxa6 Rxc2 21. O-O Rb2 $13) 19... Bxa6 20. Ra7
Re4+ 21. Kf2 Bb5 (21... Re2+ $2 22. Kf1 $1 $18) (21... Be2 $2 22. Nd2 Rxe5 23.
Re1 $18) 22. Rb7 Be8 $13 {/\ f6}) 19. Bb5 Nb8 20. Bd3 Ba6 21. c4 dxc4 22. bxc4
Rd8 23. Ke2 Rg4 24. g3 Rd7 $1 25. Rc5 f5 26. exf6 (26. Rb1 $6 Bb7 $17) 26...
gxf6 27. Rb1 Bb7 28. Rcb5 Rgg7 29. Nd4 (29. Be4 Bxe4 30. Rxb8+ Kf7 31. R1b3 $10
) 29... Rxd4 30. Rxb7 Rxb7 31. Rxb7 Nd7 $10 32. Rc7 (32. Ke3 $4 Rxd3+ 33. Kxd3
Nc5+ $19) 32... Ne5 33. Bxh7+ Kh8 34. Bc2 (34. c5 f5 {>< Bh7}) 1/2-1/2

[Event "Oakham YM"]
[Site "Oakham"]
[Date "1992.??.??"]
[Round "8"]
[White "Hennigan, Michael"]
[Black "Ulybin, Mikhail"]
[Result "1/2-1/2"]
[WhiteElo "2375"]
[BlackElo "2585"]
[Annotator "Knaak,R"]
[PlyCount "53"]
[EventDate "1992.03.??"]
[EventType "swiss"]
[EventRounds "9"]
[EventCountry "ENG"]
[SourceTitle "CBM 030"]
[Source "ChessBase"]
[SourceDate "1992.10.01"]
[SourceVersion "1"]
[SourceVersionDate "1992.10.01"]
[SourceQuality "1"]

1. e4 e6 2. d4 d5 3. Nd2 Nf6 4. e5 Nfd7 5. f4 c5 6. c3 Nc6 7. Ndf3 Be7 8. g3
Qb6 9. Kf2 $6 cxd4 10. cxd4 g5 $1 $15 {Der schwarze B steht hier günstiger auf
e7 (nicht b4).} 11. Bh3 $146 (11. h3) 11... h5 $1 12. fxg5 Ndxe5 13. Nxe5 Nxe5
14. Kg2 Ng6 15. Ne2 h4 16. Nf4 e5 $1 $17 (16... Bxg5 $2 17. Nxg6 Bxc1 18. Rxc1
fxg6 19. Qd3 $16) 17. Bxc8 (17. Nxg6 Bxh3+ 18. Kxh3 Qxg6 $17) 17... exf4 $6 (
17... Rxc8 $1 18. dxe5 (18. Nxd5 Qc6 19. Qf3 Qc2+ $19) (18. Nxg6 Qxg6 19. Re1
hxg3 $19) 18... Nxf4+ 19. gxf4 (19. Bxf4 Qxb2+ 20. Bd2 Rc2 $19) 19... Qg6 $17)
18. Bf5 hxg3 $6 (18... Bxg5 19. Re1+ Kf8 20. g4 $13) 19. hxg3 Rxh1 20. Qxh1
Qxd4 21. Bxf4 $1 Qxb2+ 22. Kh3 Kf8 (22... Nxf4+ 23. gxf4 {/\ Kg4}) 23. Bxg6
fxg6 24. Qf3 $10 Qh8+ 25. Kg2 Qb2+ 26. Kh3 Qh8+ 27. Kg2 1/2-1/2

[Event "New York Manhattan"]
[Site "New York"]
[Date "1990.??.??"]
[Round "7"]
[White "Ivanov, Alexander"]
[Black "Bykhovsky, Avigdor"]
[Result "0-1"]
[WhiteElo "2520"]
[BlackElo "2495"]
[Annotator "Knaak,R"]
[PlyCount "112"]
[EventDate "1990.04.??"]
[EventType "tourn"]
[EventRounds "9"]
[EventCountry "USA"]
[EventCategory "10"]
[SourceTitle "CBM 019"]
[Source "ChessBase"]
[SourceDate "1990.12.01"]
[SourceVersion "1"]
[SourceVersionDate "1990.12.01"]
[SourceQuality "1"]

1. e4 e6 2. d4 d5 3. Nd2 Nf6 4. e5 Nfd7 5. c3 c5 6. f4 Nc6 7. Ndf3 Qb6 8. a3 a5
9. Ne2 f6 (9... f5 $1) 10. g3 Be7 11. Bh3 Nf8 (11... cxd4 12. cxd4 fxe5 13.
fxe5 O-O 14. Nf4 $16) 12. exf6 $6 (12. O-O $16) 12... Bxf6 13. Be3 $13 c4 14.
Qd2 Ng6 15. Ne5 Nge7 16. g4 g6 17. Ng3 Qc7 18. a4 Bg7 19. Bg2 Bd7 20. h4 Rf8
21. O-O Bf6 22. Nf3 h5 23. gxh5 gxh5 24. Nxh5 Nf5 25. Bh3 Nce7 26. Bf2 O-O-O
27. Ng5 Bxg5 28. hxg5 Ng6 29. Be3 Nd6 30. Bg2 Rh8 31. Nf6 Rh4 32. Bf2 Rxf4 33.
Bg3 Rxf1+ 34. Bxf1 Qb6 35. Bh3 Rh8 36. Bg4 Ne4 37. Nxe4 dxe4 38. Re1 Qc6 39.
Qe3 Qd5 40. Qxe4 Qxg5 41. Re3 Re8 42. Kf2 Re7 43. Bd6 Rf7+ 44. Rf3 Rxf3+ 45.
Qxf3 Qd2+ 46. Kg3 Qe1+ 47. Kh3 Bc6 48. Bg3 Bxf3 49. Bxe1 Bxg4+ 50. Kxg4 Kd7 51.
Kf3 Ne7 52. d5 exd5 53. Bf2 Kc6 54. Kf4 Nc8 55. Ke5 Nd6 56. Ba7 Ne4 0-1

[Event "Match/Nation BUL-DDR"]
[Site "Albena"]
[Date "1983.05.23"]
[Round "3.4"]
[White "Ermenkov, Evgenij"]
[Black "Knaak, Rainer"]
[Result "1/2-1/2"]
[WhiteElo "2445"]
[BlackElo "2505"]
[Annotator "Knaak,R"]
[PlyCount "176"]
[EventDate "1983.05.21"]
[EventType "team-schev"]
[EventRounds "4"]
[EventCountry "BUL"]
[SourceTitle "EXT 2013"]
[Source "ChessBase"]
[SourceDate "2012.11.22"]
[SourceVersion "1"]
[SourceVersionDate "2012.11.22"]
[SourceQuality "1"]
[WhiteTeam "Bulgarien"]
[BlackTeam "German Dem Rep"]
[WhiteTeamCountry "BUL"]
[BlackTeamCountry "DDR"]

1. e4 e6 2. d4 d5 3. Nd2 Nf6 4. e5 Nfd7 5. f4 c5 6. Ndf3 Nc6 7. c3 cxd4 8. cxd4
Qb6 9. g3 f6 10. Bh3 fxe5 11. fxe5 Bb4+ 12. Kf1 O-O 13. Kg2 Ndxe5 14. dxe5 Nxe5
15. Qe2 $5 $146 Nxf3 (15... Ng6 16. Be3 {/\ Ld4 +/-}) (15... Nc4 $5 16. b3 Bc3
$1 17. Rb1 Nd6 {/\ e5, Se4 |^}) 16. Nxf3 e5 $1 17. Bxc8 Raxc8 18. Nxe5 Qe6 19.
Bf4 Rf5 (19... g5 $2 20. Bxg5 Qf5 21. Qg4 $3) 20. Rac1 Re8 (20... Rcf8 $5) 21.
Qb5 $1 Bd6 (21... Rxe5 $5 22. Bxe5 Qxe5 23. Qxb4 (23. Rhf1 $1) 23... Qe2+ 24.
Kh3 Qe6+ $11) 22. Nf3 Bxf4 23. gxf4 Rxf4 24. Rhf1 Ref8 25. Nd2 $1 $16 h5 26.
Rxf4 (26. Rce1 $5) 26... Rxf4 27. Rf1 Rd4 28. Rf2 Qg6+ 29. Kf1 $1 (29. Kh1 Rxd2
$1 $11) 29... Kh7 30. Qe2 Rg4 31. Rg2 Qf6+ 32. Nf3 Qf5 33. Kg1 (33. Qc2 $5)
33... Qb1+ 34. Ne1 Qxa2 35. Rxg4 hxg4 36. Qxg4 (36. Nd3 $5) 36... Qxb2 37. Qh5+
$14 Kg8 38. Qe8+ Kh7 39. Qh5+ Kg8 40. Qxd5+ Kh7 41. Qh5+ Kg8 42. Qe8+ Kh7 43.
Qe4+ Kg8 44. Nf3 Qb6+ 45. Kg2 Qc6 46. Qe5 Kh7 47. h4 b5 48. Kg3 b4 $1 49. Ng5+
Kh6 50. Qf4 Qc3+ 51. Kg4 Qc8+ 52. Kg3 Qc3+ 53. Kg4 Qc8+ 54. Ne6+ Kh7 55. Qe5
Qd7 56. Qe4+ Kg8 57. Kf4 b3 $3 58. Ng5 $1 (58. Qa8+ Kf7 59. Ng5+ Kf6 $1 (59...
Kg6 60. Qe4+ Kf6 61. Qe5+ Kg6 62. h5+ Kh6 63. Ne4 $18) (59... Ke7 60. Qe4+ Kd8
61. Ne6+ $18) 60. Qf8+ Kg6 $11) 58... Qd6+ 59. Ke3 $1 Qb6+ 60. Kd3 $1 Kf8 $1
61. Qf5+ Ke7 62. Qf7+ Kd8 63. Ne6+ $5 (63. Qg8+ Kc7 64. Qxg7+ Kb8 65. Qg8+ (65.
Qb2 Qd6+ $11) 65... Kb7 66. Qd5+ Kb8 67. Qe5+ Kb7 68. Qe4+ Kb8 (68... Kc7 $1
$11) 69. Kc3 $1 $16) 63... Kc8 64. Qg8+ Kd7 $1 65. Nf8+ Ke7 $1 66. Qxg7+ Ke8
67. Ng6 Qa6+ $1 68. Kd2 Qa5+ 69. Kd1 Qd5+ 70. Kc1 Qc5+ 71. Kb2 Qc2+ 72. Ka3
Qa2+ 73. Kb4 a5+ 74. Kc5 Qf2+ 75. Kc6 Qf3+ 76. Kb6 Qe3+ 77. Kxa5 b2 $1 78. Qf8+
Kd7 79. Qf5+ Ke8 80. Qf8+ Kd7 81. Qf5+ Ke8 82. Qb5+ Kf7 83. Ne5+ Qxe5 84. Qxe5
b1=Q 85. Qh5+ Kg7 86. Qg5+ Qg6 87. Qf4 Qf6 88. Qg4+ Qg6 1/2-1/2

[Event "Dortmund-A"]
[Site "Dortmund"]
[Date "1991.??.??"]
[Round "4"]
[White "Smagin, Sergey"]
[Black "Kindermann, Stefan"]
[Result "0-1"]
[WhiteElo "2550"]
[BlackElo "2515"]
[Annotator "Knaak,R"]
[PlyCount "68"]
[EventDate "1991.03.23"]
[EventType "tourn"]
[EventRounds "9"]
[EventCountry "GER"]
[EventCategory "12"]
[SourceTitle "CBM 023"]
[Source "ChessBase"]
[SourceDate "1991.08.01"]
[SourceVersion "1"]
[SourceVersionDate "1991.08.01"]
[SourceQuality "1"]

1. e4 e6 2. d4 d5 3. Nd2 Nf6 4. e5 Nfd7 5. c3 c5 6. f4 Nc6 7. Ngf3 $6 Qb6 {
Hier wurde bisher mehr 7...a5 gespielt, was Smagin wohl Veranlassung für den
folgenden Zug gibt.} 8. c4 $2 cxd4 9. cxd5 exd5 10. Nb3 Nc5 $1 11. Nxc5 (11.
Nbxd4 Ne4 {/\ Bb4 oder Bc5}) 11... Bxc5 12. a3 $8 (12. Bd3 Nb4) 12... d3 $1 $17
{>< Ke1} 13. Bxd3 Bg4 14. b4 Be3 15. Qe2 Bxc1 16. Rxc1 Nd4 17. Qf2 Bxf3 18.
gxf3 O-O 19. O-O f6 $1 20. exf6 (20. Kh1 fxe5 21. Qh4 g6 22. fxe5 Rxf3 23. Rxf3
Nxf3 24. Qg3 Qe3 25. Rd1 Rf8 $19) 20... Qxf6 21. Qg3 Rae8 22. Kh1 Re3 23. Rcd1
Qxf4 24. Qh3 g6 25. Qd7 Re5 26. Bc4 Kh8 27. Bxd5 Re2 28. Qh3 Rf5 29. Rde1 Rxd5
30. Rxe2 Nxe2 31. Qc8+ Kg7 32. Qxb7+ Qf7 33. Qc6 Qd7 34. Qc4 Ng3+ 0-1

[Event "ARG-World"]
[Site "Buenos Aires"]
[Date "1994.??.??"]
[Round "4"]
[White "Campora, Daniel Hugo"]
[Black "Rodriguez Vila, Andres"]
[Result "1-0"]
[WhiteElo "2535"]
[BlackElo "2435"]
[Annotator "Knaak,R"]
[PlyCount "55"]
[EventDate "1994.04.??"]
[EventType "schev"]
[EventRounds "10"]
[EventCountry "ARG"]
[SourceTitle "CBM 042"]
[Source "ChessBase"]
[SourceDate "1994.10.01"]
[SourceVersion "1"]
[SourceVersionDate "1994.10.01"]
[SourceQuality "1"]

1. e4 e6 2. d4 d5 3. Nd2 Nf6 4. e5 Nfd7 5. f4 c5 6. c3 Nc6 7. Ndf3 Qb6 8. g3
cxd4 9. cxd4 Bb4+ 10. Kf2 f6 11. Kg2 O-O $14 12. h4 (12. Bd3) 12... a5 (12...
Be7 13. Rh2 Rf7 14. Kh1 fxe5 15. fxe5 Nxd4 16. Be3 Nxf3 17. Bxb6 Nxh2 18. Kxh2
axb6 $44 {Lawton,G-Hergott,D/GBR-ch Swansea/1987/}) 13. Rh2 a4 14. Kh1 Qa7 (
14... fxe5 15. fxe5 Nxd4 16. Be3 Nxf3 17. Bxb6 Nxh2 18. Kxh2 Nxb6 $13) 15. Bd3
$16 f5 16. Ng5 $1 $18 Ndb8 (16... Nxd4 17. Be3 $18) 17. Qh5 h6 18. Qg6 $1 hxg5
19. hxg5 Ne7 (19... Qxd4 20. Rh7 Rf7 21. Qh5 Kf8 22. Rh8+ Ke7 23. Rxc8 $18 Qxd3
$6 24. Qh8 {#5}) 20. Qh5 Nbc6 (20... Qxd4 21. Be2 $18) 21. Be2 Qxd4 22. Bd2 (
22. Qh7+ Kf7 23. Bh5+ Ng6 24. Qxg6+ Ke7 (24... Kg8 25. Qh7+ $1 Kxh7 26. Bf7#)
25. Qxg7+ Kd8) 22... Bc5 (22... Bxd2 23. Qh7+ Kf7 24. Bh5+ Ng6 25. Bxg6+ Ke7
26. Qxg7+ Kd8 27. Qxf8+ $18) 23. Rc1 b6 24. Qh7+ Kf7 25. Bh5+ Ng6 26. Qxg6+ Ke7
27. Nf3 Qd3 28. Rxc5 1-0